Riconosci il Calciatore - Quiz n°1219 - Statistics

Statistiche generali
  • Questo quiz è stato fatto 7 volte
  • Il punteggio medio è 16 su 20
Statistiche sulle risposte
Indizio Risposta % Corretto
Squadra di club 7 Juventus 2017-
100%
Ruolo Portiere
100%
Data di nascita 16/03/1990
86%
Nazionalità Italia
86%
Squadra di club 6 Latina 2016-2017
86%
Squadra di club 5 Livorno 2015-2016
86%
Squadra di club 4 Modena 2013-2015
86%
Squadra di club 2 Pescara 2011-2012
86%
Trofei per club Supercoppa Primavera: 1 Juventus: 2007 Torneo di Viareggio: 2 Juventus: 2009, 2010 Campionato italiano: 3 Juventus: 2017-2018, 2018-2019, 2019-2020 Supercoppa italiana: 2 Juventus: 2018, 2020 Coppa Italia: 2 Juventus: 2017-2018, 2020-2021
86%
Squadra di club 1 Viareggio 2010-2011
86%
Squadra di club 3 Vicenza 2012-2013
86%
Gol nei club 0
71%
Presenze in nazionale 0
71%
Gol in nazionale 0
71%
Trofei per nazionali 0
71%
Trofei individuali 0
71%
Altezza 194 cm
71%
Presenze nei club 227
71%
Peso 72 kg
71%
Calciatore Carlo Pinsoglio
71%
Nessun quiz corrispondente trovato
Distribuzione punteggi
Percentuale di utenti per punteggio
Percentile per numero di risposta
I tuoi punteggi nel tempo
Non hai fatto questo quiz